| 000 | 02678cam a22003374a 4500 | ||
|---|---|---|---|
| 001 | 13832184 | ||
| 003 | OSt | ||
| 005 | 20260219070209.0 | ||
| 008 | 050106s2005 enka b 001 0 eng | ||
| 010 | _a 2005000288 | ||
| 020 | _a9780415758659 | ||
| 020 | _a9780415322416 | ||
| 035 | _a(OCoLC)ocm57531361 | ||
| 035 | _a(OCoLC)57531361 | ||
| 040 |
_aDLC _cDLC _dUKM _dBWKUK _dBAKER _dTJC _dNBU _dNLGGC _dCOO _dBTCTA _dYDXCP _dDLC |
||
| 082 | _a153.43 MAN | ||
| 245 | 0 | 4 |
_aThe psychology of counterfactual thinking / _cedited by David R. Mandel, Denis J. Hilton and Patrizia Catellani |
| 260 |
_aLondon : _bRoutledge, _c2005. |
||
| 300 |
_axii, 251 p. : _bill. ; _c24 cm. |
||
| 440 | 0 |
_aRoutledge research international series in social psychology ; _v9 |
|
| 505 | 0 | _aCounterfactual and causal explanation: from early theoretical views to new frontiers / David R. Mandel The relation between counterfactual and causal reasoning / Barbara A. Spellman, Alexandra P. Kincannon and Stephen J. Stose; The course of events: counterfactuals, causal sequences and explanation / Denis J. Hilton, John L. McClure, and Ben R. Slugoski; The mental representation of what might have been / Clare R. Walsh and Ruth M. J. Bryne; Reflective and evaluative modes of mental simulation / Keith D. Markman and Matthew N. McMullen Scenario simulations in learning: forms and functions at the individual and organizational levels / Susana Segura and Michael W. Morris; Finding meaning from mutability: making sense and deriving significance through counterfactual thinking / Adam D. Galinsky, Katie A. Liljenquist, Laura L. Kray and Neal J. Roese; When a small difference makes a big difference: counterfactual thinking and luck / Karl Halvor Teigen; On the comparative nature of regret / Marcel Zeelenberg and Eric van Dijk; Escape from reality: prisoners' counterfactual thinking about crime, justice, and punishment / Mandeep K. Dhami, David R. Mandel and Karen A. Souza; When the social context frames the case: counterfactuals in the courtroom / Patrizia Catellani and Patrizia Milesi; Theory- versus imagination-driven thinking about historical counterfactuals: are we prisoners of our preconceptions? / Philip E. Tetlock and Erika Henik. | |
| 650 | 0 | _aCounterfactuals (Logic) | |
| 650 | 0 | _aThought and thinking. | |
| 700 | 1 | _aMandel, David R. | |
| 700 | 1 | _aHilton, Denis J. | |
| 700 | 1 | _aCatellani, Patrizia | |
| 856 | 4 | 1 |
_3Table of contents _uhttp://www.loc.gov/catdir/toc/ecip056/2005000288.html |
| 906 |
_a7 _bcbc _corignew _d1 _eecip _f20 _gy-gencatlg |
||
| 942 |
_2ddc _cBK |
||
| 999 |
_c115539 _d115539 |
||